| 000 | 00829nas a2200265 4500 | ||
|---|---|---|---|
| 001 | BR9213251 | ||
| 003 | BR-BrBNA | ||
| 005 | 20231205095240.0 | ||
| 007 | ta | ||
| 008 | 230509b bl.|||p| |||| 00| 00por d | ||
| 040 |
_aBR-BrBNA _bpor _cBiblioteca Nacional de Agricultura |
||
| 041 | _a(Pt) | ||
| 072 | _aF04 | ||
| 100 | 1 | _aCavalcanti, F.J. de A. | |
| 100 | 1 | _aReis, O.V. dos | |
| 100 | 1 | _aSantos, V.F. dos | |
| 245 | 1 | _aTeores foliares de nitrogenio, fosforo e potassio em experimentos com cana-de-acucar em Pernambuco | |
| 650 | _aCana de Acucar | ||
| 650 | _aNPK | ||
| 650 | _aFolha | ||
| 650 | _aPernambuco | ||
| 773 | 0 |
_tPesquisa Agropecuaria Pernambucana (Brazil) _xISSN 0100-8501 _g(Jan-Jun 1989), v. 6(special number) p. 25-33 _wBR9213251 |
|
| 909 |
_a202311 _bLúcia _c55 _dLúcia Elande |
||
| 942 |
_2AGRIS _n0 _cANA |
||
| 999 |
_c149593 _d149593 |
||